000 01013nam a22003377a 4500
003 OSt
005 20140310181934.0
008 121201t xxu||||| |||| 00| 0 eng d
020 _a0140620850
050 _aPR 5618
_b.T363 2001
082 _aCLA T32v
_b2001
245 _aVanity fair /
_cWilliam Makepeace Thackeray.
260 _aNew York :
_bPenguin Books,
_cc2001.
300 _c20 cm.
_a693 p. :
521 _aFaculty
526 _c1210L-1700L
541 _j1
541 _j2
541 _j3
562 _e3
650 _aInternational Baccalaureate.
_9127
650 _aBritish Fiction.
_xEurope
_93182
650 _aFemale friendship
_xFiction.
_93183
650 _a 4. Social classes
_xFiction.
_93184
650 _aMarried women
_xFiction.
_93185
650 _aGovernesses
_xFiction.
_93186
650 _aLondon (England)
_xFiction.
_93187
650 _aEngland
_yFiction
_93188
650 _a, Belgium,
_xWaterloo, Battle of, Waterloo
_93189
942 _2lcc
_cBBK
_kCLA
999 _c7482
_d7482